000
00277nam a22001217a 4500
003
SGT
082
_a
616.2
_b
P01W
100
_a
WILKINSM, ROBERT L.
245
_a
A POKET GUIDE TO RESPIRATORY DISEASE
260
_a
PHILADELPHIA
_b
2001
_c
180
300
_a
616.2
942
_2
ddc
_c
BK
999
_c
14921
_d
14921